00773 2200265 4500001002100000005001700021008004100038020002200079035002500101040001200126082001400138090001600152100001600168245010700184250001100291260003600302300002800338504003100366650002300397700002100420850001200441990001800453990001800471990001800489INLIS00000000000402420150730132631.0  a978-602-1508-30-5 a0010-041500000001090 aYOPDYOG 223a297.6 a297.6 Irs H aIRSYADUNNAS aHermeneutika feminisme dalam pemikiran tokoh Islam kontemporerc/ Irsyadunnas; Editor, M. Fatih Masrur aCet. 1 aBantulbKaukaba Dipantarac2014 axvi, 364 hlm.c; 24 cm. aBibliografi : hlm. 317-337 aWanita dalam Islam aFATIH Masrur, M. aYOPDYOG a11248-PD/B.15 a11249-PD/B.15 a11250-PD/B.15